Telenovelas das 8 da Rede Globo (2000-2010) - Statistics

Estatísticas Gerais
  • Esse quiz foi jogado 97 vezes
  • A pontuação média é 12 de 16
Estatísticas das Respostas
Ano Letras iniciais Resposta % Correto
2001-2002 O C____ O Clone
96%
2000-2001 L____ d_ F______ Laços de Família
94%
2009 C______ d__ Í_____ Caminho das Índias
86%
2009-2010 V____ a V___ Viver a Vida
85%
2008-2009 A F_______ A Favorita
83%
2004-2005 S______ d_ D______ Senhora do Destino
76%
2005 A______ América
75%
2003-2004 C__________ Celebridade
74%
2003 M_______ A__________ Mulheres Apaixonadas
68%
2010-2011 P_______ Passione
68%
2002-2003 E________ Esperança
66%
2006-2007 P______ d_ V___ Páginas da Vida
66%
2007 P______ T_______ Paraíso Tropical
65%
2007-2008 D___ C____ Duas Caras
64%
2001 P____ d__ M_______ Porto dos Milagres
60%
2005-2006 B________ Belíssima
59%
Nenhum quiz correspondente encontrado
Distribuição das Pontuações
Porcentagem de Pessoas com Cada Pontuação
Percentil de Números Respondidos
Sua Pontuação Histórica
Você não jogou esse quiz